[Event "Gibtelecom AmatWk2 6th"]
[Site "Gibraltar"]
[Date "2008.01.28"]
[Round "2.42"]
[White "Kuenitz, Klaus"]
[Black "Wright, Jonathan"]
[Result "1-0"]
[WhiteElo "1645"]
[BlackElo "1776"]
[PlyCount "103"]
[EventDate "2008.01.27"]
[EventType "swiss"]
[EventRounds "5"]
[EventCountry "GGB"]
[SourceTitle "BritBase"]
[Source "www.saund.co.uk"]
[SourceDate "2018.02.10"]
[SourceVersion "1"]
[SourceVersionDate "2018.02.10"]
[SourceQuality "1"]

1. d4 Nf6 2. c4 e6 3. Nf3 c5 4. Nc3 cxd4 5. Nxd4 a6 6. e4 d6 7. Be2 Be7 8. O-O
O-O 9. Be3 Nbd7 10. Rc1 Qc7 11. Qd2 b6 12. Rfd1 Bb7 13. f3 Rac8 14. a3 Rfd8 15.
Qe1 Ne5 16. b4 Qd7 17. Qf1 Qe8 18. Nb3 Nfd7 19. Na4 Rc6 20. Qf2 Rdc8 21. Nxb6
Nxb6 22. Bxb6 Nxc4 23. Bxc4 Rxc4 24. Rxc4 Rxc4 25. Na5 Rc6 26. Nxc6 Qxc6 27.
Qe3 h6 28. Rc1 Bg5 29. f4 Bxf4 30. Qxf4 Qxb6+ 31. Kh1 Qd4 32. Re1 f5 33. Qe3
Qxe4 34. Qxe4 fxe4 35. Rc1 Kh7 36. Kg1 Bd5 37. a4 Kg6 38. b5 axb5 39. axb5 Kf6
40. b6 Ke7 41. b7 Bxb7 42. Rc7+ Kf6 43. Rxb7 d5 44. Kf2 d4 45. Rd7 e5 46. Ke2
h5 47. Rd8 g6 48. Rd6+ Kf5 49. Rd8 e3 50. Kd3 e4+ 51. Ke2 Ke5 52. h4 1-0

[Event "Gibtelecom AmatWk2 6th"]
[Site "Gibraltar"]
[Date "2008.01.28"]
[Round "2.43"]
[White "Randall, David C"]
[Black "Kennedy, Philip J"]
[Result "0-1"]
[WhiteElo "1568"]
[BlackElo "1704"]
[PlyCount "120"]
[EventDate "2008.01.27"]
[EventType "swiss"]
[EventRounds "5"]
[EventCountry "GGB"]
[SourceTitle "BritBase"]
[Source "www.saund.co.uk"]
[SourceDate "2018.02.10"]
[SourceVersion "1"]
[SourceVersionDate "2018.02.10"]
[SourceQuality "1"]

1. e4 c5 2. Nc3 Nc6 3. g3 g6 4. Bg2 Bg7 5. d3 d6 6. Be3 Rb8 7. Nge2 b5 8. Qd2
b4 9. Nd1 Qb6 10. O-O e6 11. f4 Nge7 12. c3 bxc3 13. bxc3 O-O 14. Nf2 Ba6 15.
Qc2 Qb2 16. Qxb2 Rxb2 17. Bf3 Rfb8 18. Rfd1 Rc2 19. Rd2 Rbb2 20. Rxc2 Rxc2 21.
Rd1 Bxc3 22. Rc1 Rxc1+ 23. Bxc1 Bg7 24. Be3 Nb4 25. Nc1 Bb2 26. Be2 Bxc1 27.
Bxc1 Nxa2 28. Be3 Kf8 29. Kf1 Nb4 30. Ke1 Nc2+ 31. Kd2 Nxe3 32. Kxe3 Nc6 33.
Bd1 Bb5 34. Kd2 a5 35. Kc3 Nd4 36. Kb2 f5 37. Kc3 Nc6 38. g4 Nb4 39. gxf5 exf5
40. d4 a4 41. dxc5 dxc5 42. Kb2 fxe4 43. Nxe4 Nd3+ 44. Ka3 Bc6 45. Nc3 Ke7 46.
Bxa4 Bxa4 47. Kxa4 Nxf4 48. Kb5 Ne6 49. Ne4 g5 50. Nxc5 Nxc5 51. Kxc5 Kf6 52.
Kd4 Kf5 53. Ke3 Kg4 54. Kf2 Kh3 55. Kg1 h5 56. Kh1 h4 57. Kg1 g4 58. Kh1 g3 59.
hxg3 hxg3 60. Kg1 g2 0-1

[Event "Gibtelecom AmatWk2 6th"]
[Site "Gibraltar"]
[Date "2008.01.28"]
[Round "2.44"]
[White "Hermes, Geoff R"]
[Black "Tomassetti, Giuseppe"]
[Result "1-0"]
[WhiteElo "1696"]
[BlackElo "1636"]
[PlyCount "65"]
[EventDate "2008.01.27"]
[EventType "swiss"]
[EventRounds "5"]
[EventCountry "GGB"]
[SourceTitle "BritBase"]
[Source "www.saund.co.uk"]
[SourceDate "2018.02.10"]
[SourceVersion "1"]
[SourceVersionDate "2018.02.10"]
[SourceQuality "1"]

1. e4 d6 2. d4 Nf6 3. Nc3 g6 4. Bg5 Bg7 5. Qd2 h6 6. Bh4 g5 7. Bg3 Nh5 8. O-O-O
Nxg3 9. hxg3 h5 10. Kb1 g4 11. Qg5 Bf6 12. Rxh5 Bxg5 13. Rxh8+ Kd7 14. Rxd8+
Kxd8 15. f4 gxf3 16. gxf3 c6 17. f4 Bh6 18. Bc4 e6 19. Nge2 d5 20. Bd3 dxe4 21.
Nxe4 Nd7 22. Rh1 Bf8 23. Rh7 f6 24. Bc4 Nb6 25. Bb3 Be7 26. Rh6 f5 27. Ng5 Bxg5
28. fxg5 Ke7 29. Nf4 Nd5 30. Bxd5 exd5 31. Rh8 b6 32. Kc1 Kd6 33. g6 1-0

[Event "Gibtelecom AmatWk2 6th"]
[Site "Gibraltar"]
[Date "2008.01.28"]
[Round "2.45"]
[White "Rashleigh, Jonathan"]
[Black "Tufta, Jon Gunnar"]
[Result "0-1"]
[WhiteElo "1568"]
[BlackElo "1681"]
[PlyCount "70"]
[EventDate "2008.01.27"]
[EventType "swiss"]
[EventRounds "5"]
[EventCountry "GGB"]
[SourceTitle "BritBase"]
[Source "www.saund.co.uk"]
[SourceDate "2018.02.10"]
[SourceVersion "1"]
[SourceVersionDate "2018.02.10"]
[SourceQuality "1"]

1. d4 f5 2. Bg5 g6 3. Nd2 Bg7 4. e3 Nf6 5. Ngf3 O-O 6. Bd3 d5 7. Bxf6 Bxf6 8.
Ne5 c5 9. c3 Bxe5 10. dxe5 f4 11. e4 e6 12. Qe2 Nc6 13. Nf3 Qc7 14. exd5 exd5
15. O-O-O Be6 16. Kb1 c4 17. Bc2 b5 18. Nd4 Nxd4 19. Rxd4 b4 20. cxb4 a5 21. b5
Qc5 22. Rhd1 a4 23. Qd2 a3 24. b3 Qxb5 25. Ka1 f3 26. g3 Rab8 27. Rb1 cxb3 28.
Bxb3 Kg7 29. Rc1 Qe2 30. Re1 Qb5 31. Rc1 Rfc8 32. Rxc8 Rxc8 33. Qd1 Qe2 34. Rd2
Qxe5+ 35. Kb1 Bf5+ 0-1

[Event "Gibtelecom AmatWk2 6th"]
[Site "Gibraltar"]
[Date "2008.01.28"]
[Round "2.46"]
[White "Salomon, Johan"]
[Black "Bishop, Geoffrey L"]
[Result "0-1"]
[WhiteElo "1000"]
[BlackElo "1664"]
[PlyCount "90"]
[EventDate "2008.01.27"]
[EventType "swiss"]
[EventRounds "5"]
[EventCountry "GGB"]
[SourceTitle "BritBase"]
[Source "www.saund.co.uk"]
[SourceDate "2018.02.10"]
[SourceVersion "1"]
[SourceVersionDate "2018.02.10"]
[SourceQuality "1"]

1. d4 Nf6 2. c4 g6 3. Nf3 Bg7 4. Nc3 O-O 5. b3 c5 6. e3 cxd4 7. exd4 d5 8. Be2
Nc6 9. Be3 Qa5 10. Rc1 Ne4 11. Bd2 Nxd2 12. Qxd2 dxc4 13. bxc4 Rd8 14. d5 e6
15. O-O exd5 16. Nxd5 Qxd2 17. Nxd2 Bh6 18. f4 Be6 19. Ne4 Bg7 20. Nc7 Nd4 21.
Bf3 Rac8 22. Nxe6 Nxe6 23. c5 Bd4+ 24. Kh1 Bxc5 25. Nxc5 Nxc5 26. Bg4 f5 27.
Bf3 b6 28. Rc4 Nd3 29. Rxc8 Rxc8 30. Bd5+ Kf8 31. g3 Rc1 32. Rxc1 Nxc1 33. Bb3
Nxb3 34. axb3 Ke7 35. Kg2 Kd6 36. Kf3 Kc5 37. Ke2 Kb4 38. Kd2 Kxb3 39. Kc1 a5
40. h3 a4 41. g4 a3 42. Kb1 b5 43. gxf5 gxf5 44. h4 b4 45. h5 Kc3 0-1

[Event "Gibtelecom AmatWk2 6th"]
[Site "Gibraltar"]
[Date "2008.01.28"]
[Round "2.47"]
[White "Hughes, Lloyd"]
[Black "Garcia, Mario"]
[Result "1/2-1/2"]
[WhiteElo "1745"]
[BlackElo "1663"]
[PlyCount "136"]
[EventDate "2008.01.27"]
[EventType "swiss"]
[EventRounds "5"]
[EventCountry "GGB"]
[SourceTitle "BritBase"]
[Source "www.saund.co.uk"]
[SourceDate "2018.02.10"]
[SourceVersion "1"]
[SourceVersionDate "2018.02.10"]
[SourceQuality "1"]

1. e4 c5 2. Nf3 Nc6 3. d4 cxd4 4. Nxd4 Nf6 5. Nc3 d6 6. Bc4 e6 7. Bb3 Be7 8.
Be3 O-O 9. O-O Bd7 10. f4 a6 11. f5 Na5 12. fxe6 Nxb3 13. exf7+ Rxf7 14. Nxb3
Bc6 15. Qd3 Rf8 16. Nd4 Ng4 17. Nxc6 bxc6 18. Bd4 c5 19. Be3 Nxe3 20. Qxe3 Bf6
21. Kh1 Be5 22. Rf3 Qb6 23. Raf1 Rxf3 24. Qxf3 Qd8 25. b3 Qf6 26. Qxf6 Bxf6 27.
Nd5 Be5 28. g3 g6 29. Kg2 Kg7 30. Nc7 Rc8 31. Ne6+ Kg8 32. a4 a5 33. Rf3 Re8
34. Ng5 Re7 35. Rd3 Rc7 36. c4 Bf6 37. Nf3 Rc6 38. Kf2 Kf7 39. Ke3 Ke6 40. Kf4
h6 41. h4 Rc7 42. g4 Rf7 43. Kg3 Be5+ 44. Nxe5 Kxe5 45. Rd5+ Kxe4 46. Rxd6 Rf3+
47. Kg2 Rxb3 48. Rxg6 Rc3 49. Rxh6 Rxc4 50. g5 Kf5 51. g6 Rg4+ 52. Kf3 Rxa4 53.
g7 Ra3+ 54. Kf2 Ra2+ 55. Kg1 Ra1+ 56. Kf2 Ra2+ 57. Ke3 Rg2 58. Rh5+ Kf6 59.
Rxc5 Kxg7 60. Rxa5 Rh2 61. Ra4 Kg6 62. Kf3 Kh5 63. Kg3 Rh1 64. Ra5+ Kh6 65. Rg5
Kh7 66. Rg4 Kh6 67. Kf4 Rf1+ 68. Ke5 Kh5 1/2-1/2

[Event "Gibtelecom AmatWk2 6th"]
[Site "Gibraltar"]
[Date "2008.01.28"]
[Round "2.48"]
[White "Booth, Chris"]
[Black "Beadle, John R"]
[Result "1-0"]
[WhiteElo "1840"]
[BlackElo "1400"]
[PlyCount "63"]
[EventDate "2008.01.27"]
[EventType "swiss"]
[EventRounds "5"]
[EventCountry "GGB"]
[SourceTitle "BritBase"]
[Source "www.saund.co.uk"]
[SourceDate "2018.02.10"]
[SourceVersion "1"]
[SourceVersionDate "2018.02.10"]
[SourceQuality "1"]

1. d4 Nf6 2. Nf3 g6 3. Nc3 Bg7 4. e4 d6 5. Be3 O-O 6. Qd2 Nbd7 7. Bh6 Ng4 8.
Bxg7 Kxg7 9. O-O-O c5 10. h3 Ngf6 11. e5 Ne8 12. Bb5 Qb6 13. dxc5 Qxc5 14. Bxd7
Bxd7 15. Rhe1 Be6 16. Qd4 Qxd4 17. Nxd4 Bd7 18. exd6 exd6 19. Ndb5 Bc6 20. f3
d5 21. Nd4 Nf6 22. b4 a6 23. a4 Rfd8 24. Kb2 Re8 25. Rxe8 Bxe8 26. b5 a5 27.
Nb3 Bd7 28. Nc5 b6 29. Nxd7 Nxd7 30. Nxd5 Re8 31. Rd2 Rd8 32. Nxb6 1-0

[Event "Gibtelecom AmatWk2 6th"]
[Site "Gibraltar"]
[Date "2008.01.28"]
[Round "2.49"]
[White "Jacobsen, Maria Pitz"]
[Black "Dimitrov, Daniel"]
[Result "1-0"]
[WhiteElo "1799"]
[BlackElo "1600"]
[PlyCount "87"]
[EventDate "2008.01.27"]
[EventType "swiss"]
[EventRounds "5"]
[EventCountry "GGB"]
[SourceTitle "BritBase"]
[Source "www.saund.co.uk"]
[SourceDate "2018.02.10"]
[SourceVersion "1"]
[SourceVersionDate "2018.02.10"]
[SourceQuality "1"]

1. e4 e5 2. Nf3 Nc6 3. Bb5 Nge7 4. O-O g6 5. d3 Bg7 6. Be3 d6 7. Nc3 a6 8. Ba4
O-O 9. Qd2 b5 10. Bb3 Na5 11. Bh6 Nxb3 12. axb3 Bg4 13. Bxg7 Kxg7 14. Ne1 c5
15. h3 Be6 16. f4 f5 17. fxe5 dxe5 18. Nf3 h6 19. Qe3 Qc7 20. exf5 Rxf5 21. g4
Rff8 22. Qxe5+ Qxe5 23. Nxe5 Rxf1+ 24. Rxf1 Nd5 25. Ne4 g5 26. Nxc5 Bg8 27. c4
Nf4 28. Kh2 bxc4 29. bxc4 a5 30. Ra1 Rb8 31. b3 Re8 32. d4 Ne2 33. Rxa5 Nxd4
34. Ra7+ Kf6 35. Ncd7+ Kg7 36. b4 Re7 37. Ra6 Be6 38. Rd6 Ne2 39. b5 Bxc4 40.
Nxc4 Nc3 41. Nce5 Nxb5 42. Rg6+ Kh8 43. Nf6 Re8 44. Nf7# 1-0

[Event "Gibtelecom AmatWk2 6th"]
[Site "Gibraltar"]
[Date "2008.01.28"]
[Round "2.50"]
[White "Lode, Marius Skefstad"]
[Black "Andersen, Glenn"]
[Result "1/2-1/2"]
[WhiteElo "1822"]
[BlackElo "1200"]
[PlyCount "74"]
[EventDate "2008.01.27"]
[EventType "swiss"]
[EventRounds "5"]
[EventCountry "GGB"]
[SourceTitle "BritBase"]
[Source "www.saund.co.uk"]
[SourceDate "2018.02.10"]
[SourceVersion "1"]
[SourceVersionDate "2018.02.10"]
[SourceQuality "1"]

1. e4 g6 2. Bc4 e6 3. d4 Bg7 4. Nf3 Ne7 5. O-O O-O 6. Be3 d6 7. Qd2 Nd7 8. Bh6
c5 9. c3 cxd4 10. Nxd4 d5 11. Bxg7 Kxg7 12. exd5 Nxd5 13. Bxd5 exd5 14. f4 Nc5
15. f5 Ne4 16. Qe2 Qb6 17. fxg6 hxg6 18. Kh1 Rh8 19. Qf3 f6 20. Nb3 Qd6 21. h3
Ng3+ 22. Kg1 Nxf1 23. Kxf1 Bf5 24. N1d2 Rae8 25. Rd1 Qe5 26. Nd4 Be4 27. Qg4
Re7 28. Kg1 Rh5 29. N2f3 Bxf3 30. Qxf3 Rh4 31. Rf1 Re4 32. Kh1 Re1 33. Rxe1
Qxe1+ 34. Kh2 Qe5+ 35. Kh1 Qe1+ 36. Kh2 Qe5+ 37. Kh1 Qe1+ 1/2-1/2

[Event "Gibtelecom AmatWk2 6th"]
[Site "Gibraltar"]
[Date "2008.01.28"]
[Round "2.52"]
[White "Poggio, Freddie"]
[Black "Cox, Reginald"]
[Result "1-0"]
[WhiteElo "1616"]
[BlackElo "1136"]
[PlyCount "83"]
[EventDate "2008.01.27"]
[EventType "swiss"]
[EventRounds "5"]
[EventCountry "GGB"]
[SourceTitle "BritBase"]
[Source "www.saund.co.uk"]
[SourceDate "2018.02.10"]
[SourceVersion "1"]
[SourceVersionDate "2018.02.10"]
[SourceQuality "1"]

1. d4 d5 2. c4 c6 3. Nc3 e6 4. Nf3 Nf6 5. Bg5 h6 6. Bh4 Be7 7. e3 Qb6 8. Qc2
O-O 9. Bd3 Qd8 10. cxd5 cxd5 11. Rc1 Nc6 12. a3 a6 13. O-O b5 14. Nxb5 axb5 15.
Qxc6 Bd7 16. Qc2 Rc8 17. Qe2 Rc7 18. Ne5 Qc8 19. Nxd7 Rxc1 20. Nxf6+ Bxf6 21.
Bxf6 Rxf1+ 22. Qxf1 gxf6 23. h3 Kh8 24. Qe2 Qc1+ 25. Kh2 Qc7+ 26. g3 f5 27.
Bxb5 Kh7 28. Bd3 Rg8 29. b4 Ra8 30. e4 dxe4 31. Bxe4 fxe4 32. Qxe4+ Kg7 33.
Qxa8 Qc2 34. Qf3 Qc4 35. Qe3 f5 36. Qe5+ Kg6 37. b5 Qf1 38. Qxe6+ Kg5 39. h4+
Kg4 40. Qg6+ Kf3 41. Qxf5+ Ke2 42. b6 1-0

[Event "Gibtelecom AmatWk2 6th"]
[Site "Gibraltar"]
[Date "2008.01.28"]
[Round "2.53"]
[White "Hansen, Linda Marie"]
[Black "Mossiaguine, Arina"]
[Result "1-0"]
[WhiteElo "1531"]
[BlackElo "1111"]
[PlyCount "59"]
[EventDate "2008.01.27"]
[EventType "swiss"]
[EventRounds "5"]
[EventCountry "GGB"]
[SourceTitle "BritBase"]
[Source "www.saund.co.uk"]
[SourceDate "2018.02.10"]
[SourceVersion "1"]
[SourceVersionDate "2018.02.10"]
[SourceQuality "1"]

1. e4 e6 2. d4 d5 3. e5 c5 4. c3 Qb6 5. f4 Bd7 6. Nf3 Bb5 7. Be2 Bxe2 8. Qxe2
Ne7 9. dxc5 Qxc5 10. Be3 Qc7 11. O-O Nbc6 12. Nbd2 b6 13. Nb3 O-O-O 14. a4 Nf5
15. Bf2 Be7 16. Nfd4 Nfxd4 17. cxd4 g6 18. Rfc1 Rd7 19. Qb5 Qb7 20. Rxc6+ Rc7
21. Rac1 Bd8 22. Rxc7+ Bxc7 23. Qc6 Qxc6 24. Rxc6 Kd7 25. Rc1 Rc8 26. Bh4 a6
27. a5 bxa5 28. Nc5+ Ke8 29. Nxa6 Bb6 30. Rxc8+ 1-0

[Event "Gibtelecom AmatWk2 6th"]
[Site "Gibraltar"]
[Date "2008.01.28"]
[Round "2.54"]
[White "Loberg, Jo Kristian"]
[Black "Feeney, James"]
[Result "1-0"]
[WhiteElo "1450"]
[BlackElo "1088"]
[PlyCount "73"]
[EventDate "2008.01.27"]
[EventType "swiss"]
[EventRounds "5"]
[EventCountry "GGB"]
[SourceTitle "BritBase"]
[Source "www.saund.co.uk"]
[SourceDate "2018.02.10"]
[SourceVersion "1"]
[SourceVersionDate "2018.02.10"]
[SourceQuality "1"]

1. e4 e5 2. Nf3 Nc6 3. d4 exd4 4. Bc4 d6 5. Nxd4 Ne5 6. Bb3 Nf6 7. Nc3 Be7 8.
f4 Nc6 9. Nxc6 bxc6 10. Be3 O-O 11. Qd2 Be6 12. h3 d5 13. e5 Ne4 14. Nxe4 dxe4
15. Bxe6 fxe6 16. O-O-O Qe8 17. Qd7 Qxd7 18. Rxd7 Bb4 19. Rxc7 Rfc8 20. Rd7 Rd8
21. Rhd1 Rxd7 22. Rxd7 c5 23. c3 Ba5 24. Bxc5 Bb6 25. Bxb6 axb6 26. a3 g6 27.
Re7 Rd8 28. Rxe6 e3 29. Rd6 Rf8 30. g3 g5 31. Rd4 gxf4 32. gxf4 Rf5 33. Re4 Kf7
34. Kd1 Ke6 35. Ke2 Rh5 36. Rxe3 Rh4 37. f5+ 1-0

[Event "Gibtelecom AmatWk2 6th"]
[Site "Gibraltar"]
[Date "2008.01.28"]
[Round "2.55"]
[White "Bath, Tom"]
[Black "Stoop, Michael"]
[Result "0-1"]
[WhiteElo "1424"]
[BlackElo "1056"]
[PlyCount "90"]
[EventDate "2008.01.27"]
[EventType "swiss"]
[EventRounds "5"]
[EventCountry "GGB"]
[SourceTitle "BritBase"]
[Source "www.saund.co.uk"]
[SourceDate "2018.02.10"]
[SourceVersion "1"]
[SourceVersionDate "2018.02.10"]
[SourceQuality "1"]

1. e4 d5 2. exd5 Qxd5 3. c4 Qe4+ 4. Qe2 Bf5 5. Nc3 Qxe2+ 6. Bxe2 Nf6 7. d4 e6
8. a3 Nc6 9. Nf3 Be7 10. O-O O-O 11. Be3 a6 12. Rad1 Rfd8 13. h3 Bc2 14. Rd2
Bb3 15. Bd1 Na5 16. Bxb3 Nxb3 17. Rd3 a5 18. Rfd1 a4 19. Nd2 Nxd2 20. R3xd2 c6
21. f4 b5 22. cxb5 cxb5 23. d5 b4 24. axb4 Bxb4 25. dxe6 Rxd2 26. exf7+ Kxf7
27. Bxd2 Rd8 28. Kf1 Bxc3 29. bxc3 Ne4 30. Ke1 Nxd2 31. Rxd2 Rxd2 32. Kxd2 Ke6
33. Kc2 Kf5 34. g3 Ke4 35. Kb2 Kf3 36. c4 Ke4 37. Ka3 Kd4 38. g4 Kxc4 39. Kxa4
Kd5 40. Kb3 g6 41. Kc3 Ke4 42. Kd2 Kxf4 43. Kd3 Kg3 44. Ke4 Kxh3 45. g5 Kg4 0-1

[Event "Gibtelecom AmatWk2 6th"]
[Site "Gibraltar"]
[Date "2008.01.28"]
[Round "2.57"]
[White "Coats, Jon R"]
[Black "Mossiaguine, Anastasia"]
[Result "1-0"]
[WhiteElo "1376"]
[BlackElo "920"]
[PlyCount "27"]
[EventDate "2008.01.27"]
[EventType "swiss"]
[EventRounds "5"]
[EventCountry "GGB"]
[SourceTitle "BritBase"]
[Source "www.saund.co.uk"]
[SourceDate "2018.02.10"]
[SourceVersion "1"]
[SourceVersionDate "2018.02.10"]
[SourceQuality "1"]

1. Nf3 Nc6 2. d4 d5 3. c4 dxc4 4. e4 b6 5. Bxc4 f6 6. O-O e5 7. dxe5 fxe5 8.
Qxd8+ Kxd8 9. Rd1+ Ke8 10. Bd5 Bb7 11. Nxe5 Rb8 12. Bf7+ Ke7 13. Rd7+ Kf6 14.
Ng4# 1-0

[Event "Gibtelecom AmatWk2 6th"]
[Site "Gibraltar"]
[Date "2008.01.29"]
[Round "3.39"]
[White "Aagedal, Geir Ole"]
[Black "Izzard, Brian J"]
[Result "1-0"]
[WhiteElo "1839"]
[BlackElo "1664"]
[PlyCount "91"]
[EventDate "2008.01.27"]
[EventType "swiss"]
[EventRounds "5"]
[EventCountry "GGB"]
[SourceTitle "BritBase"]
[Source "www.saund.co.uk"]
[SourceDate "2018.02.10"]
[SourceVersion "1"]
[SourceVersionDate "2018.02.10"]
[SourceQuality "1"]

1. c4 Nf6 2. Nc3 e6 3. g3 c5 4. Bg2 Nc6 5. Nf3 Be7 6. O-O O-O 7. d4 d5 8. cxd5
exd5 9. dxc5 h6 10. Be3 Bg4 11. Nd4 Qd7 12. Nxc6 bxc6 13. a3 Rfb8 14. b4 Rd8
15. Bd4 Qe6 16. Qc2 Bf5 17. Qb3 Ne4 18. Nxe4 Bxe4 19. Bxe4 Qxe4 20. Qc3 Bf8 21.
Qd3 Qg4 22. a4 a6 23. Kg2 Re8 24. Rfe1 Rab8 25. Rab1 Re7 26. h3 Qc8 27. e4 dxe4
28. Rxe4 Rxe4 29. Qxe4 Qd7 30. Be5 Re8 31. Qd4 Qe6 32. Bf4 g5 33. Be3 Bg7 34.
Qd3 Qe4+ 35. Qxe4 Rxe4 36. b5 axb5 37. axb5 cxb5 38. Rxb5 Rc4 39. Kf3 Bf8 40.
Ke2 Kg7 41. Kd3 Ra4 42. c6 Bd6 43. Rb7 Ra6 44. Bb6 Ra8 45. Rd7 Ra6 46. Bd4+ 1-0

[Event "Gibtelecom AmatWk2 6th"]
[Site "Gibraltar"]
[Date "2008.01.29"]
[Round "3.40"]
[White "Kennedy, Philip J"]
[Black "Kuenitz, Klaus"]
[Result "0-1"]
[WhiteElo "1704"]
[BlackElo "1645"]
[PlyCount "68"]
[EventDate "2008.01.27"]
[EventType "swiss"]
[EventRounds "5"]
[EventCountry "GGB"]
[SourceTitle "BritBase"]
[Source "www.saund.co.uk"]
[SourceDate "2018.02.10"]
[SourceVersion "1"]
[SourceVersionDate "2018.02.10"]
[SourceQuality "1"]

1. Nf3 f5 2. g3 Nf6 3. Bg2 g6 4. O-O d6 5. d3 Bg7 6. c3 O-O 7. e4 Kh8 8. Qb3
fxe4 9. Ng5 d5 10. dxe4 h6 11. e5 Ng8 12. Nh3 g5 13. f4 g4 14. Nf2 c6 15. c4
dxc4 16. Qxc4 Qb6 17. Nc3 Na6 18. Qe2 h5 19. Be3 Qd8 20. Rad1 Qe8 21. Be4 Nh6
22. Bb1 Bf5 23. Nce4 Nc7 24. Ng5 Bxb1 25. Rxb1 Nf7 26. Nfe4 Nxg5 27. Nxg5 Qg6
28. Bc5 Nd5 29. Rf2 Qxb1+ 30. Rf1 Qg6 31. h3 gxh3 32. Rf2 Bh6 33. Rh2 Nxf4 34.
gxf4 Rxf4 0-1

[Event "Gibtelecom AmatWk2 6th"]
[Site "Gibraltar"]
[Date "2008.01.29"]
[Round "3.41"]
[White "Bishop, Geoffrey L"]
[Black "Hermes, Geoff R"]
[Result "1-0"]
[WhiteElo "1664"]
[BlackElo "1696"]
[PlyCount "87"]
[EventDate "2008.01.27"]
[EventType "swiss"]
[EventRounds "5"]
[EventCountry "GGB"]
[SourceTitle "BritBase"]
[Source "www.saund.co.uk"]
[SourceDate "2018.02.10"]
[SourceVersion "1"]
[SourceVersionDate "2018.02.10"]
[SourceQuality "1"]

1. e4 c5 2. Nf3 d6 3. d4 cxd4 4. Nxd4 Nf6 5. Nc3 a6 6. Be2 e5 7. Nb3 Be7 8. Be3
b5 9. O-O Bb7 10. f3 O-O 11. Qd2 Qc7 12. a3 Nbd7 13. g4 Rfd8 14. g5 Ne8 15. f4
exf4 16. Bxf4 Ne5 17. Nd4 g6 18. Qe3 Bf8 19. Nd1 Bg7 20. Nf2 Qc5 21. c3 Nc4 22.
Bxc4 bxc4 23. Ng4 Bc8 24. Nh6+ Bxh6 25. gxh6 Rb8 26. Rf2 Rb7 27. Qg3 Nf6 28.
Re1 Nh5 29. Qh4 f6 30. Be3 Qc7 31. Rg2 Kh8 32. Nf5 Bxf5 33. exf5 Qf7 34. fxg6
hxg6 35. Bd4 Kh7 36. Rf1 g5 37. Qe4+ Kg8 38. Rxg5+ Kh8 39. Rxh5 Rg8+ 40. Kh1
Qg6 41. Bxf6+ Kh7 42. Qxb7+ Rg7 43. Qxg7+ Qxg7 44. hxg7+ 1-0

[Event "Gibtelecom AmatWk2 6th"]
[Site "Gibraltar"]
[Date "2008.01.29"]
[Round "3.42"]
[White "Tufta, Jon Gunnar"]
[Black "Jacobsen, Maria Pitz"]
[Result "0-1"]
[WhiteElo "1681"]
[BlackElo "1799"]
[PlyCount "82"]
[EventDate "2008.01.27"]
[EventType "swiss"]
[EventRounds "5"]
[EventCountry "GGB"]
[SourceTitle "BritBase"]
[Source "www.saund.co.uk"]
[SourceDate "2018.02.10"]
[SourceVersion "1"]
[SourceVersionDate "2018.02.10"]
[SourceQuality "1"]

1. e4 c5 2. Nc3 Nc6 3. g3 d6 4. Bg2 g6 5. d3 Bg7 6. Nd5 Be6 7. Ne3 Nf6 8. Ne2
O-O 9. O-O Qc8 10. Nf4 Ng4 11. c3 Nxe3 12. Bxe3 Bd7 13. Qd2 Ne5 14. Nd5 Re8 15.
Bg5 Nc6 16. Rae1 f6 17. Bh6 e6 18. Bxg7 Kxg7 19. Ne3 Ne5 20. f4 Nf7 21. h4 Rg8
22. g4 Bc6 23. Qf2 Qd8 24. d4 cxd4 25. cxd4 Bb5 26. e5 Bxf1 27. exf6+ Qxf6 28.
g5 Qd8 29. Rxf1 Qb6 30. Nc4 Qb4 31. b3 d5 32. Ne5 Nxe5 33. dxe5 Qb6 34. Bh3
Qxf2+ 35. Rxf2 Kf7 36. h5 Rac8 37. Kh2 Rc3 38. h6 Rgc8 39. f5 gxf5 40. Bxf5
exf5 41. Rxf5+ Kg6 0-1

[Event "Gibtelecom AmatWk2 6th"]
[Site "Gibraltar"]
[Date "2008.01.29"]
[Round "3.43"]
[White "Livesey, R Nigel"]
[Black "Booth, Chris"]
[Result "0-1"]
[WhiteElo "1792"]
[BlackElo "1840"]
[PlyCount "62"]
[EventDate "2008.01.27"]
[EventType "swiss"]
[EventRounds "5"]
[EventCountry "GGB"]
[SourceTitle "BritBase"]
[Source "www.saund.co.uk"]
[SourceDate "2018.02.10"]
[SourceVersion "1"]
[SourceVersionDate "2018.02.10"]
[SourceQuality "1"]

1. c4 b6 2. Nf3 Bb7 3. d3 e6 4. Nc3 Bb4 5. Bg5 Ne7 6. Qb3 Bxf3 7. gxf3 Nbc6 8.
e3 a5 9. Qa4 f6 10. Bh4 Nf5 11. Bg3 Nxg3 12. hxg3 f5 13. d4 Qf6 14. f4 Rd8 15.
Bg2 Na7 16. a3 Bxc3+ 17. bxc3 c6 18. Rb1 b5 19. Qxa5 Ra8 20. cxb5 O-O 21. bxc6
Nxc6 22. Qc5 Rfc8 23. O-O h5 24. Bxc6 Rxc6 25. Qb5 Rxa3 26. Qb8+ Kh7 27. Qe8
Qg6 28. Qxd7 Rcxc3 29. Qd8 Rxe3 30. fxe3 Qxg3+ 31. Kh1 Ra2 0-1

[Event "Gibtelecom AmatWk2 6th"]
[Site "Gibraltar"]
[Date "2008.01.29"]
[Round "3.44"]
[White "Garcia, Mario"]
[Black "Rough, Robert E"]
[Result "1-0"]
[WhiteElo "1663"]
[BlackElo "1651"]
[PlyCount "71"]
[EventDate "2008.01.27"]
[EventType "swiss"]
[EventRounds "5"]
[EventCountry "GGB"]
[SourceTitle "BritBase"]
[Source "www.saund.co.uk"]
[SourceDate "2018.02.10"]
[SourceVersion "1"]
[SourceVersionDate "2018.02.10"]
[SourceQuality "1"]

1. e4 e5 2. Nf3 d6 3. Bc4 Be7 4. c3 Nf6 5. d3 O-O 6. O-O Bg4 7. Be3 Nc6 8. Bb3
d5 9. exd5 Nxd5 10. Bc2 Qd6 11. Nbd2 Kh8 12. Ne4 Qd8 13. Bc5 Bxc5 14. Nxc5 Qe7
15. Ne4 Rad8 16. Re1 Qd7 17. Nc5 Qc8 18. d4 exd4 19. Qd3 Nf6 20. Nxd4 Nxd4 21.
cxd4 g6 22. Rac1 Bf5 23. Qd2 Bxc2 24. Rxc2 Kg7 25. Re7 Rd6 26. Rxc7 Qf5 27. h3
Rfd8 28. Nb3 R8d7 29. Rxd7 Rxd7 30. Rc1 Ne4 31. Qe3 b6 32. f3 Nf6 33. g4 Qb5
34. Qe5 Qxe5 35. dxe5 Nh5 36. gxh5 1-0

[Event "Gibtelecom AmatWk2 6th"]
[Site "Gibraltar"]
[Date "2008.01.29"]
[Round "3.45"]
[White "Ribon Calabia, Mariano"]
[Black "Rashleigh, Jonathan"]
[Result "0-1"]
[WhiteElo "1800"]
[BlackElo "1568"]
[PlyCount "68"]
[EventDate "2008.01.27"]
[EventType "swiss"]
[EventRounds "5"]
[EventCountry "GGB"]
[SourceTitle "BritBase"]
[Source "www.saund.co.uk"]
[SourceDate "2018.02.10"]
[SourceVersion "1"]
[SourceVersionDate "2018.02.10"]
[SourceQuality "1"]

1. e4 e6 2. d4 d5 3. e5 c5 4. c3 Nc6 5. Nf3 Nh6 6. a3 cxd4 7. cxd4 Qb6 8. Bd3
Nf5 9. Bxf5 exf5 10. O-O Be7 11. Re1 O-O 12. Nc3 Be6 13. Qd3 Rae8 14. b4 f6 15.
Na4 Qc7 16. Nc5 Bxc5 17. bxc5 fxe5 18. Nxe5 f4 19. Nf3 Bf5 20. Qc3 Re4 21. Rxe4
Bxe4 22. Bd2 h6 23. Re1 Qf7 24. Ne5 Nxe5 25. dxe5 f3 26. Qb3 Qg6 27. g3 Qf5 28.
Rxe4 Qh3 29. Qxf3 Rxf3 30. Rb4 Rd3 31. Rh4 Qf5 32. Bb4 Qf3 33. Kf1 Rd1+ 34. Be1
Qh1+ 0-1